000 00793nam a22002412 4500
001 0000009326
005 20151217152053.0
008 080923s xx 000 0 eng d
020 _a0691006776 :
040 _aKABU
_cKABU
100 1 _aAgenor, Pierre-Richard.
_@0000159226
245 1 0 _aDevelopment macroeconomics /
_cPierre-Richard Agenor and Peter J. Montiel.
250 _a2nd ed.
260 _aPrinceton, NJ. :
_bPrinceton University Press,
_c1999.
300 _axix, 871 p.
650 0 _aDevelopment economics.
_@0000151094
650 0 _aMacroeconomics.
_@0000149933
651 0 _aDeveloping countries
_xEconomic conditions.
_@0000150056
700 1 _aMontiel, Peter J.
_@0000160553
908 _a080923
950 _@1
999 _c7867
_d7867